<The> Economic Growth of Slovak Urban Regions

Slovenské urbánne regióny podľa veľkosti. Analýza vplyvu ľudského kapitálu na ich ekonomickú výkonnosť v období 2000-2016.

Guardado en:
Detalles Bibliográficos
Autor principal: Rafaj, Oliver, 1989-
Formato: Capítulo de libro
Lenguaje:inglés
Materias:
Etiquetas: Agregar Etiqueta
Sin Etiquetas, Sea el primero en etiquetar este registro!

MARC

LEADER 00000naa$a2200000$$$4500
001 0250310
005 20240502074018.1
041 0 |a eng 
044 |a SK 
245 1 0 |a <The> Economic Growth of Slovak Urban Regions  |c Oliver Rafaj 
520 |a Slovenské urbánne regióny podľa veľkosti. Analýza vplyvu ľudského kapitálu na ich ekonomickú výkonnosť v období 2000-2016. 
610 2 0 |a regióny 
610 2 0 |a ekonomika regionálna 
610 2 0 |a regióny metropolitné 
610 2 0 |a rozdiely regionálne 
610 2 0 |a rozvoj regionálny 
610 2 0 |a mestá 
610 2 0 |a rast hospodársky 
610 2 0 |a kapitál ľudský 
610 2 0 |a Slovensko 
100 1 |a Rafaj, Oliver, 1989-